00555pab a2200181 454500008004000000100002400040245006400064260000900128300001300137362001100150650001400161700002200175773003400197908000600231909001100237999001900248952010600267180718b2015 xxu||||| |||| 00| 0 eng d aIrshad, Mohammed S. aAn invisible disaster: Endosulfan tragedy of Kerala (notes) c2015 ap.61-65. a14 Mar aDisasters aJoseph, Jacquleen aEconomic and Political Weekly aN a106943 c106938d106938 00104070aIIPAbIIPAd2018-07-19hVolume no: 50, Issue no: 11pAR107403r2018-07-19w2018-07-19yAR